000 00372nam a2200145Ia 4500
008 260514s2025 xx 000 0 und d
041 _aeng
082 _bM-3766
100 _aDR.SUDITA DAS
245 _aEXPERIMENTAL BOOK ON PHARMACEUTICS -I
260 _aPUNE
_bEVEREST PUBLISHING
_c2025
300 _aP.B./86
650 _aPHARMACEUTICS
700 _aMS. DEBATRI ROY
999 _c1221621
_d1221621